Luis Fernando Montoya : (Registro nro. 6572)
[ vista simple ]
| 000 -LEADER | |
|---|---|
| fixed length control field | 01172nam a22002417a 4500 |
| 003 - CONTROL NUMBER IDENTIFIER | |
| control field | OSt |
| 005 - DATE AND TIME OF LATEST TRANSACTION | |
| control field | 20200220160511.0 |
| 008 - FIXED-LENGTH DATA ELEMENTS--GENERAL INFORMATION | |
| fixed length control field | 200220s2013 ck o|||gr|||| 00| 0bspa d |
| 020 ## - INTERNATIONAL STANDARD BOOK NUMBER | |
| International Standard Book Number | 9789588088587 |
| 040 ## - CATALOGING SOURCE | |
| Original cataloging agency | CO-JMCR |
| Transcribing agency | CO-JMCR |
| 082 04 - DEWEY DECIMAL CLASSIFICATION NUMBER | |
| Classification number | 927.96 / |
| Item number | B234l |
| 100 1# - MAIN ENTRY--PERSONAL NAME | |
| Personal name | Barbosa Delgado, Francisco Roberto, |
| Relator term | autor |
| 9 (RLIN) | 819 |
| 245 ## - TITLE STATEMENT | |
| Title | Luis Fernando Montoya : |
| Remainder of title | "el campeón de la vida" / |
| Statement of responsibility, etc. | Francisco Roberto Barbosa Delgado |
| 260 ## - PUBLICATION, DISTRIBUTION, ETC. | |
| Place of publication, distribution, etc. | Bogotá : |
| Name of publisher, distributor, etc. | Personería de Bogotá, |
| Date of publication, distribution, etc. | 2013 |
| 300 ## - PHYSICAL DESCRIPTION | |
| Extent | 32 páginas : |
| Other physical details | fotografías a blanco y negro ; |
| Dimensions | 21 cm. |
| 490 ## - SERIES STATEMENT | |
| Series statement | Colección maestros. |
| -- | Derechos y deberes individuo y sociedad. |
| 504 ## - BIBLIOGRAPHY, ETC. NOTE | |
| Bibliography, etc. note | Bibliografia: páginas 32. |
| 520 ## - SUMMARY, ETC. | |
| Summary, etc. | Luis Fernando Montoya no es solo un director técnico de fútbol que con su talento permitió que su equipo, el Once Caldas, se consagra campeón de la Copa Libertadores de América, Luis Fernando Montoya es mucho más que eso, es uno de los colombianos ejemplares de nuestro tiempo. Es un ser humano digno de emular. |
| 650 14 - SUBJECT ADDED ENTRY--TOPICAL TERM | |
| Topical term or geographic name entry element | Biografía |
| Geographic subdivision | Colombia |
| 9 (RLIN) | 820 |
| 650 14 - SUBJECT ADDED ENTRY--TOPICAL TERM | |
| Topical term or geographic name entry element | Biografía |
| General subdivision | Fútbol |
| 9 (RLIN) | 821 |
| 650 14 - SUBJECT ADDED ENTRY--TOPICAL TERM | |
| Topical term or geographic name entry element | Biografía |
| General subdivision | Luis Fernando Montoya |
| 9 (RLIN) | 822 |
| 942 ## - ADDED ENTRY ELEMENTS (KOHA) | |
| Source of classification or shelving scheme | Dewey Decimal Classification |
| Koha item type | Books |
| Withdrawn status | Lost status | Source of classification or shelving scheme | Damaged status | Not for loan | Home library | Current library | Shelving location | Date acquired | Source of acquisition | Cost, normal purchase price | Total Checkouts | Full call number | Barcode | Date last seen | Date last checked out | Copy number | Price effective from | Koha item type |
|---|---|---|---|---|---|---|---|---|---|---|---|---|---|---|---|---|---|---|
| Dewey Decimal Classification | Biblioteca Pública José María del Castillo y Rada | Biblioteca Pública José María del Castillo y Rada | Processing Center | 12/19/2019 | Donación | 0.00 | 1 | 927.96 / B234l | 201809463 | 05/16/2024 | 07/24/2023 | Ej.1 | 02/20/2020 | Books |